Name the countries of Europe in 5 minutes - Statistics

General Stats
  • This quiz has been taken 109 times
    108 since last reset
  • The average score is 39 of 46
Answer Stats
Countries Answered % Correct
France
99%
United Kingdom
97%
Sweden
96%
Germany
94%
Portugal
94%
Spain
93%
Finland
92%
Italy
92%
Poland
92%
Switzerland
92%
Netherlands
90%
Denmark
89%
Ireland
89%
Greece
89%
Norway
89%
Russia
89%
Belgium
86%
Hungary
86%
Slovakia
86%
Ukraine
86%
Czechia
85%
Iceland
85%
Luxembourg
85%
Slovenia
85%
Albania
83%
Austria
83%
Bulgaria
83%
Latvia
83%
Lithuania
82%
Romania
82%
Serbia
82%
Belarus
81%
Croatia
81%
Malta
81%
Liechtenstein
79%
Monaco
79%
Andorra
78%
Bosnia and Herzegovina
78%
Estonia
78%
Vatican
78%
Moldova
76%
Kosovo
75%
San Marino
75%
Montenegro
74%
North Macedonia
72%
Turkey
61%
No matching quizzes found
Score Distribution
Percent of People with Each Score
Percentile by Number Answered
Your Score History
You have not taken this quiz since the last reset